Sanat - "Joka päivä ja joka ikinen yö" - Eppu Normaali - Statistics

Yleistilastot
  • Tätä visaa on pelattu 125 kertaa
  • Keskiarvotulos 130 / 173
Vastaustilastot
Sanat % Oikein
ikinen
100%
ja
100%
joka
100%
päivä
100%
100%
sen
95%
ajattelen
92%
sinua
92%
lyö
84%
sydämeni
81%
on
72%
tiedä
72%
jonka
70%
en
69%
kun
67%
vaikka
67%
ei
63%
sinä
63%
joisin
61%
maailma
61%
myrkkyä
61%
tiedän
61%
kengittää
59%
sinulle
59%
voisin
59%
vuoksesi
59%
yksin
59%
kuulet
58%
ennalleen
56%
huutaen
56%
jos
56%
kaunis
56%
mikään
56%
mitä
56%
nimeäsi
56%
palaa
56%
yöllä
56%
lähelläsi
55%
hengittää
53%
karhuja
53%
Meillä
53%
tuskin
53%
tuulet
53%
uskallan
53%
herään
52%
kertoisin
52%
laulan
52%
minun
50%
tarvitsen
50%
ehkä
47%
kaukana
45%
tiedätkö
45%
oisinkin
44%
oisit
44%
tunnen
44%
kuitenkin
42%
voisinkin
42%
olevani
41%
luoksesi
39%
ilman
36%
teen
36%
minne
34%
siellä
34%
meen
33%
Maailmassa
31%
tokaisen
31%
sydän
30%
tulen
30%
pelkoni
28%
sokaisen
28%
kamppaillen
27%
rinnassa
27%
jonain
23%
päivänä
22%
pamppailen
22%
Ehtoja vastaavia visoja ei löytynyt
Tulosjakauma
Jokaisen tuloksen saaneiden osuus
Persentiili vastausten määrän mukaan
Tuloshistoriasi
Et ole pelannut tätä visaa